|
|
|
|
| LEADER |
00000nam a2200000Ii 4500 |
| 001 |
DIGOLEJNK0045 |
| 003 |
NyNyDIG |
| 006 |
m o d |
| 007 |
cr ||||||||||| |
| 008 |
220522s2021 cl o 000 0 spa d |
| 035 |
|
|
|a (OCoLC)1335130830
|
| 040 |
|
|
|a DGITA
|b eng
|e rda
|e pn
|c DGITA
|
| 020 |
|
|
|z 9789564070247
|
| 043 |
|
|
|a e-fr---
|a e-uk-en
|
| 050 |
1 |
4 |
|a KJV447.7 ebook
|
| 050 |
1 |
4 |
|a KD720 ebook
|
| 100 |
1 |
|
|a Poncelet, François Frédéric,
|d 1790-1843,
|e author.
|
| 245 |
1 |
0 |
|a Introducción histórica al derecho civil francés e inglés /
|c François F. Poncelet, William A.S. Westoby ; traducción y prólogo, Mag. Eduardo Pardo Unanua ; edición, revisión y notas adicionales, María E. Gómez Rojo.
|
| 264 |
|
1 |
|a Santiago, Chile :
|b Ediciones Olejnik,
|c [2021]
|
| 300 |
|
|
|a 1 online resource.
|
| 336 |
|
|
|a text
|b txt
|2 rdacontent
|
| 337 |
|
|
|a computer
|b c
|2 rdamedia
|
| 338 |
|
|
|a online resource
|b cr
|2 rdacarrier
|
| 347 |
|
|
|a text file
|2 rdaft
|
| 347 |
|
|
|b PDF
|
| 490 |
1 |
|
|a Biblioteca de derecho civil
|
| 588 |
0 |
|
|a Online resource; title from PDF title page (Digitalia, viewed May 22, 2022)
|
| 650 |
|
0 |
|a Civil law
|z France
|x History.
|
| 650 |
|
0 |
|a Civil law
|z England
|x History.
|
| 655 |
|
0 |
|a Electronic books.
|
| 700 |
1 |
|
|a Westoby, William A. S.
|q (William Amos Scarborough),
|d 1815-1899,
|e author.
|
| 700 |
1 |
|
|a Pardo Unanua, Eduardo,
|e translator,
|e contributor agent of text.
|
| 700 |
1 |
|
|a Gómez Rojo, María E.,
|e contributor agent of text.
|
| 791 |
2 |
|
|a Digitalia (Firm),
|e distributor.
|
| 793 |
0 |
|
|g Digitalia eBook Collection:
|a Ediciones Olejnik
|
| 776 |
0 |
8 |
|i Print version:
|a Poncelet, François Frédéric, 1790-1843.
|t Introducción histórica al derecho civil francés e inglés.
|b Primera edición en Ediciones Olejnik.
|d Santiago, Chile : Ediciones Olejnik, 2021
|z 9789564070247
|
| 830 |
|
0 |
|a Biblioteca de derecho civil.
|
| 856 |
4 |
0 |
|3 Digitalia Hispánica
|u https://www.digitaliapublishing.com/a/104214/
|
| 910 |
|
|
|a Premium collection: 2022
|